The last of Earth / Deepa Anappara.
Available copies
- 1 of 1 copy available at LARL/NWRL Consortium.
- 1 of 1 copy available at Lake Agassiz Regional Library. (Show preferred library)
Current holds
0 current holds with 1 total copy.
Show Only Available Copies
| Location | Call Number / Copy Notes | Barcode | Shelving Location | Status | Due Date |
|---|---|---|---|---|---|
| Detroit Lakes Public Library | ANA (Text) | 33500014322648 | New | Available | - |
Record details
- ISBN: 9780593731352
- ISBN: 0593731352
- Physical Description: 330 pages ; 25 cm
- Edition: First edition.
- Publisher: New York, NY : Random House, 2026.
Content descriptions
| Summary, etc.: | "1869. Tibet is closed to Europeans, an ... Read More |
Search for related items by subject
| Subject: | Tibet Autonomous Region (China) > Fiction. Spies > Fiction. |
| Genre: | Historical fiction. Novels. Fiction. |
| LDR | 04081cam a22005658i 4500 | ||
|---|---|---|---|
| 001 | 477587 | ||
| 003 | LARL_NWRL_CONSORTIUM | ||
| 005 | 20260115174153.0 | ||
| 008 | 250711s2026 nyu 000 1 eng | ||
| 007 | t| | ||
| 010 | . | ‡a 2025031606 | |
| 040 | . | ‡aDLC ‡beng ‡erda ‡cDLC ‡dOCLCO ‡dIG# ‡dTOH ‡dDYJ ‡dCCPLG ‡dOCO ‡dOCLCO | |
| 019 | . | ‡a1530173652 | |
| 020 | . | ‡a9780593731352 ‡qhardcover ‡qacid-free paper | |
| 020 | . | ‡a0593731352 | |
| 020 | . | ‡z9780593731376 ‡qebook | |
| 035 | . | ‡a(OCoLC)1515057441 ‡z(OCoLC)1530173652 | |
| 042 | . | ‡apcc | |
| 082 | 0 | 0. | ‡a[Fic] |
| 100 | 1 | . | ‡aAnappara, Deepa, ‡eauthor. ‡4aut ‡4http://id.loc.gov/vocabulary/relators/aut ‡1https://id.oclc.org/worldcat/entity/E39PBJg4k4P498PwyCDJjgtxjC ‡1http://id.loc.gov/rwo/agents/n2019042544 |
| 245 | 1 | 4. | ‡aThe last of Earth / ‡cDeepa Anappara. |
| 250 | . | ‡aFirst edition. | |
| 264 | 1. | ‡aNew York, NY : ‡bRandom House, ‡c2026. | |
| 300 | . | ‡a330 pages ; ‡c25 cm | |
| 334 | . | ‡asingle unit ‡bmono ‡0http://id.loc.gov/vocabulary/issuance/mono | |
| 336 | . | ‡atext ‡btxt ‡2rdacontent ‡0http://id.loc.gov/vocabulary/contentTypes/txt | |
| 337 | . | ‡aunmediated ‡bn ‡2rdamedia ‡0http://id.loc.gov/vocabulary/mediaTypes/n | |
| 338 | . | ‡avolume ‡bnc ‡2rdacarrier ‡0http://id.loc.gov/vocabulary/carriers/nc | |
| 520 | . | ‡a"1869. Tibet is closed to Europeans, an infuriating obstruction for the rapidly expanding British Empire. In response, Britain begins training Indians-permitted to cross borders that white men may not-to undertake illicit, dangerous surveying expeditions into Tibet. Balram is one such surveyor-spy, an Indian schoolteacher who, for several years, has worked for the British, often alongside his dearest friend, Gyan. But Gyan went missing on his last expedition and is rumored to be imprisoned within Tibet. Desperate to rescue his friend, Balram agrees to guide an English captain on a foolhardy mission: After years of paying others to do the exploring, the captain, disguised as a monk, wants to personally chart a river that runs through southern Tibet. Their path will cross fatefully with that of another Westerner in disguise, fifty-year-old Katherine. Denied a fellowship in the all-male Royal Geographical Society in London, she intends to be the first European woman to reach Lhasa. As Balram and Katherine make their way into Tibet, they will face storms and bandits, snow leopards and soldiers, fevers and frostbite. What's more, they will have to battle their own doubts, ambitions, grief, and pasts in order to survive the treacherous landscape. A polyphonic novel about the various ways humans try to leave a mark on the world-from the enduring nature of family and friendship to the egomania and obsessions of the colonial enterprise-The Last of Earth confirms Deepa Anappara as one of our greatest and most ambitious storytellers"-- Provided by publisher. | |
| 651 | 0. | ‡aTibet Autonomous Region (China) ‡vFiction. | |
| 650 | 0. | ‡aSpies ‡vFiction. ‡0(LARL_NWRL_CONSORTIUM)176180 | |
| 655 | 7. | ‡aHistorical fiction. ‡2lcgft | |
| 655 | 7. | ‡aNovels. ‡2lcgft | |
| 655 | 7. | ‡aFiction. ‡2lcgft | |
| 758 | . | ‡1http://id.loc.gov/resources/instances/in00024279715 | |
| 758 | . | ‡4http://id.loc.gov/ontologies/bibframe/instanceOf ‡1http://id.loc.gov/resources/works/in00024279715 | |
| 776 | 0 | 8. | ‡iOnline version ‡4http://id.loc.gov/entities/relationships/onlineversion ‡aAnappara, Deepa ‡tLast of earth ‡bFirst edition ‡dNew York, NY : Random House, 2026 ‡z9780593731376 ‡w(DLC) 2025031607 |
| 884 | . | ‡aDLC bibframe2marc v2.10-dev ‡g20250714 ‡qDLC ‡uhttps://github.com/lcnetdev/bibframe2marc/releases/tag/v2.10-dev | |
| 901 | . | ‡a477587 ‡bOCoLC ‡c477587 ‡tbiblio ‡soclc | |

Add to basket
Permalink
Enable Highlighting